Benny's big bubble / (Record no. 7254)

MARC details
000 -LEADER
fixed length control field 00930nam a22003017a 4500
001 - CONTROL NUMBER
control field 7254
003 - CONTROL NUMBER IDENTIFIER
control field FISKH
005 - DATE AND TIME OF LATEST TRANSACTION
control field 20250704113110.0
008 - FIXED-LENGTH DATA ELEMENTS--GENERAL INFORMATION
fixed length control field 250704b cb ||||| |||| 00| 0 eng d
020 ## - INTERNATIONAL STANDARD BOOK NUMBER
International Standard Book Number 0448413035
040 ## - CATALOGING SOURCE
Original cataloging agency FISKH
Language of cataloging eng
Transcribing agency FISKH
Modifying agency FISKH
050 ## - LIBRARY OF CONGRESS CALL NUMBER
Classification number PZ7.O222 B
082 ## - DEWEY DECIMAL CLASSIFICATION NUMBER
Classification number 750
100 ## - MAIN ENTRY--PERSONAL NAME
Personal name O'Connor, Jane
Dates associated with a name (1947–)
245 ## - TITLE STATEMENT
Title Benny's big bubble /
Statement of responsibility, etc. By Jane O'Connor ; Illustrated by Tomie dePaola
250 ## - EDITION STATEMENT
Edition statement This edition first published in 1997
260 ## - PUBLICATION, DISTRIBUTION, ETC.
Place of publication, distribution, etc. New York :
Name of publisher, distributor, etc. Grosset,
Date of publication, distribution, etc. 1997
300 ## - PHYSICAL DESCRIPTION
Extent 22 pages :
Other physical details color illustrations ;
Dimensions 23 cm
505 ## - FORMATTED CONTENTS NOTE
Formatted contents note G<br/>
520 ## - SUMMARY, ETC.
Summary, etc. Simple words and rebus pictures tell the story of Benny's big bubble. Includes flash cards.<br/>
521 8# - TARGET AUDIENCE NOTE
Target audience note 300<br/>
Source Lexile<br/>
521 8# - TARGET AUDIENCE NOTE
Target audience note G<br/>
Source Raz-Plus<br/>
650 ## - SUBJECT ADDED ENTRY--TOPICAL TERM
Source of heading or term Tomie dePaola
Topical term or geographic name entry element Bubbles
650 ## - SUBJECT ADDED ENTRY--TOPICAL TERM
Source of heading or term Rebus
Topical term or geographic name entry element Picture reader
700 ## - ADDED ENTRY--PERSONAL NAME
Personal name dePaola, Tomie
Dates associated with a name illustrator
942 ## - ADDED ENTRY ELEMENTS (KOHA)
Source of classification or shelving scheme Dewey Decimal Classification
Koha item type Books
Suppress in OPAC No
Holdings
Withdrawn status Lost status Source of classification or shelving scheme Damaged status Not for loan Collection Home library Current library Shelving location Date acquired Total Checkouts Full call number Barcode Date last seen Date last checked out Copy number Price effective from Koha item type
    Dewey Decimal Classification     Juvenile Fiction Footprints International School Library Network Toul Tom Poung Campus Footprints International School Library Network Toul Tom Poung Campus TTP Primary Green Bookshelves 07/04/2025 1 CON 750 PZ7.O222 B 2025-1752 01/14/2026 08/05/2025 1 07/04/2025 Books